Calor y los cambios de estado de la materia-I. Trabajo 2.

Guardado en:
Detalles Bibliográficos
Formato: Audiovisual
Idioma:Español
Colección:(Física elemental ;
Temas:
Etiquetas: Agrega una etiqueta
Sin etiquetas, Sé el primero en etiquetar este registro!

MARC

LEADER 00000cgm^a2200000uu^4500
001 000504371
005 20250521000000.0
008 050901s1999^^^^^^^^^^^^rd^r^^000^0^spa^d
009 20260310125911.337
035 |a FCE 000048574 
037 |a Acervo ITESO - Biblioteca 
041 |a spa 
082 0 4 |a 371.33589  |b TEED FIEL 1 
245 0 0 |a Calor y los cambios de estado de la materia-I. Trabajo 2.  |h [videograbación] 
264 |a México :  |b SEP : UTE : CETE,  |c [199-] 
300 |a 1 videocasete [90 min.]  |b son., col. 
336 |a texto  |b txt  |2 rdacontenido 
337 |a sin mediación  |b n  |2 rdamedio 
338 |a volumen  |b nc  |2 rdasoporte 
440 1 |a (Física elemental ;  |n 1) 
596 |a Formato VHS 
649 |a XX 
650 |a Educación básica 
650 |a Didáctica 
650 |a Televisión educativa 
650 |a Enseñanza 
650 |a Física 
650 |a Conceptos de física 
650 |a Energía 
910 |a Fondo Centro de Estudios Educativos 
920 |a Impresos - Libros 
930 |a Fondos Especiales 
905 |a 133 
901 |a ALE064128  |b IT2  |c CEE  |u 20250521 
902 |a https://opac.biblio.iteso.mx/vufind/Record/000504371